000 00294nam a22001337a 4500
008 180928b xxu||||| |||| 00| 0 eng d
020 _a3 ED
041 _aeng
080 _a616.002
100 _a7
101 _aREU
245 _aOxford TextBook Rheumatology
_cDavid.A.I
942 _2udc
_cBK
999 _c48689
_d48689